000 00384nam a2200145Ia 4500
008 231129s2009||||xx |||||||||||||| ||spa||
020 _a978-958-30-2989-9
040 _bspa
082 _a833 V879c
100 _aVogel Maja von
245 0 _aEl caso del celular
260 _c2009
264 _aBogotá Colombia : Panamericana
942 _2ddc
_cBKS
999 _c10520
_d10520